Statistics for Which "Stan" Country?

Click here to take the quiz!

General Stats

  • This quiz has been taken 171 times
    (155 since last reset)
  • The average score is 15 of 26

Answer Stats

DescriptionCountry% Correct
Eighth largest country by area in the worldKazakhstan
95%
Never had a Communist governmentPakistan
91%
Shares land border with RussiaKazakhstan
91%
Sixth most populous country in the worldPakistan
86%
Dari and Pashto are the most commonly-spoken languagesAfghanistan
82%
Bishkek is this country's capitalKyrgyzstan
81%
Has the third highest average elevation in the worldTajikistan
73%
Hindu Kush is mostly located hereAfghanistan
69%
Its flag consists of a yellow sun that contains a depiction of a yurt (traditional tent)Kyrgyzstan
69%
Graveyard of Empires is this country's nicknameAfghanistan
66%
The name of its capital city means City of LoveTurkmenistan
63%
After almost 29 years of leadership, Its president resigned from office in 2019Kazakhstan
57%
Double-landlockedUzbekistan
57%
Significant Punjab population reside herePakistan
56%
Home to Karakum, the fourth largest desert in AsiaTurkmenistan
50%
Highest population densityPakistan
50%
The Kite Runner is based in this countryAfghanistan
47%
Home to Lake BalkhashKazakhstan
42%
Declared itself as a neutral country in 1995Turkmenistan
40%
Home to the historic cities of Bukhara, Samarkand and KokandUzbekistan
40%
Home to the destroyed Buddhas of Bamyan, the third tallest standing Buddha in the worldAfghanistan
38%
Somoni is the officially used currencyTajikistan
37%
Most democratic one according to The EconomistKyrgyzstan
27%
Monday is the meaning this country's capital cityTajikistan
25%
The autonomous republic of Karakalpakstan is located hereUzbekistan
25%
Home to the second tallest man-made dam in the world, Nurek DamTajikistan
19%

Score Distribution

Percentile by Number Answered

Percent of People with Each Score

Your Score History

You have not taken this quiz since the last reset